00615nam a2200193Ia 4500008004100000020001800041022001500059040001300074082001700087245008800104250001100192260004200203300003000245500005000275650002700325700002200352700002600374700002100400191130s2009##################000#0#eng## a9780199234882 a2007039091 aACLcACL a616.8498 CHA aRestless legs syndromecedited by K. Ray Chaudhuri, Luigi Ferini-Strambi, David Rye a1st ed aOxfordbOxford University Pressc2009 axii, 88 p. : ill. ; 18 cm aIncludes bibliographical references and index aRestless Legs Syndrome aChaudhuri, K. Ray aFerini-Strambi, Luigi aRye, David Bruce